000 00323nam a2200133Ia 4500
008 191201s2005 xx 000 0 und d
100 _aDEVENPORT, Mike
245 0 _aIntroducing Phonetics and Phonology
250 _a2nd
260 _aN.Delhi
_bHodder Arnold
_c2005
300 _a223
650 _aApplied
942 _2ddc
_cBK
999 _c2454
_d2454